| 000 | 01906nam0a2200397 4500 | ||
|---|---|---|---|
| 001 | RU\NLR\bibl\1697847 | ||
| 005 | 20260405212526.0 | ||
| 010 |
_a978-5-211-05759-3 _9900 |
||
| 021 |
_aRU _b2010-76858 _95125 |
||
| 035 | _a(nilc)RSL-KNO-004743097 | ||
| 035 | _a(NLR Aleph) 001688935 | ||
| 090 |
_a1148417 _c1148417 |
||
| 100 | _a20101011d2010 |||y0rusy50 ca | ||
| 101 | 0 | _arus | |
| 102 | _aRU | ||
| 105 | _aa ||||||||| | ||
| 200 | 1 |
_aПалеоботаника _eвысшие растения _eучебное пособие для студентов, обучающихся по направлению 020300 "Геология" _fА.Л. Юрина, О.А. Орлова, Ю.И. Ростовцева |
|
| 210 |
_aМосква _cИзд-во Московского университета _d2010 |
||
| 215 |
_a221, [1] с. _cил., карт. _d22 |
||
| 320 | _aБиблиогр.: с. 198-211 и в конце разделов | ||
| 320 | _aУказ. лат. назв.: с. 212-219 | ||
| 320 | _aУказ. терминов: с. 220-222 | ||
| 606 | 1 |
_aИскопаемые высшие растения _jУчебные издания для высших учебных заведений _92610740 _3RU\NLR\auth\661547298 |
|
| 686 |
_aЕ15я73-1 _2rubbk |
||
| 686 | _aЕ159.2я73 | ||
| 700 | 1 |
_4070 _7ca _8rus _aЮрина _bА. Л. _gАлефтина Львовна _9207374 _3RU\NLR\AUTH\770207427 |
|
| 701 | 1 |
_4070 _7ca _8rus _aОрлова _bО. А. _cканд. геол.-минерал. наук _gОльга Александровна _978527 _3RU\NLR\auth\7795601 |
|
| 701 | 1 |
_4070 _7ca _8rus _aРостовцева _bЮ. И. _gЮлия Игоревна _9205866 _3RU\NLR\AUTH\770205918 |
|
| 801 | 0 |
_aRU _bРГБ _c20101011 _gRCR |
|
| 801 | 1 |
_aRU _bРГБ _c20101011 |
|
| 801 | 2 |
_aRU _bNLR _c20101111 _grcr |
|
| 830 | _aавт. по кн. | ||
| 942 | _cBOOK | ||
| 980 | _aNB | ||